000 00664nam a2200289Ia 4500
005 20260324112943.0
008 008 260324s9999 xx 000 0 eng d
020 _a9781032619804
037 _aEBOOK
040 _aCRL
040 _beng
040 _cCRL
041 _2eng
041 _aeng
084 _qCRL
100 _aChin Ee Loh
_91144824
245 4 _aThe Reading Lives of Teens
245 0 _bResearch and Practice
260 _bTaylor and Francis
260 _c2024
365 _a
365 _b220
856 _uhttp://www.taylorfrancis.com/books/9781032619804
942 _cEBOOK
999 _c1734223
_d1734223